000 00219nam a2200097Ia 4500
001 761920
005 20250826165216.0
008 250824s9999 xx 000 0 und d
245 0 _aDİRİLİŞ
_cTOLSTOY
260 _bİSKELE
999 _c761920
_d761920